| 000 | 00728nam a22002177a 4500 | ||
|---|---|---|---|
| 999 |
_c10265 _d10265 |
||
| 003 | AR-CdUCM | ||
| 008 | 190329b ||||| |||| 00| 0 spa d | ||
| 040 |
_aMUNICIPALIDAD PROVINCIAL DEL CUSCO _cBIBLIOTECA MUNICIPAL DEL CUSCO |
||
| 082 |
_a463 / _bN94 / 1825 |
||
| 100 |
_aNuñez de Taboado, D. M. _927022 |
||
| 245 | _aDiccionario de la Lengua Castellana y el de la real academia Española / | ||
| 260 |
_aParis : _bLibreria de Seguin, _c1825. |
||
| 300 |
_a835 paginas ; _c20 cm. |
||
| 440 |
_aDiccionario de la lengua castellana _n2 _927023 |
||
| 500 | _aDiccionario 2da parte | ||
| 650 |
_aLengua española _91124 |
||
| 650 |
_aDiccionario _95196 |
||
| 650 |
_aUniversal _918236 |
||
| 942 |
_2ddc _cLIBROS |
||
| 945 | _apjha | ||